[Event "Open"]
[Site "Hyeres FRA"]
[Date "2001.07.07"]
[Round "1"]
[White "Scheidegger,C"]
[Black "Lukov,V"]
[Result "0-1"]
[WhiteElo "2115"]
[BlackElo "2469"]

1.e4 c5 2.Nf3 Nc6 3.d4 cxd4 4.Nxd4 Qc7 5.Nc3 e6 6.g3 a6 7.Bg2 d6 8.O-O Bd7
9.Be3 Nf6 10.f4 Be7 11.Qe2 Rc8 12.Kh1 b5 13.Rad1 b4 14.Nb1 Nxd4 15.Bxd4 e5
16.Bg1 Bb5 17.Qd2 Bxf1 18.Rxf1 O-O 19.c3 Qc4 20.Re1 Qxa2 21.cxb4 Qb3 22.Nc3 Qxb4
23.Rd1 Rb8 24.Ra1 Qxb2 25.Qxb2 Rxb2 26.Rxa6 Rc8 27.Nd1 Rb1 28.Nf2 Rcc1 29.Nh3 exf4
30.gxf4 Nh5 31.Ra8+ Bf8 32.e5 Nxf4  0-1

[Event "Glorney Cup"]
[Site "Hyerois FRA"]
[Date "2001.07.08"]
[Round "1"]
[White "Burenkov,I"]
[Black "Koster,R"]
[Result "0-1"]
[WhiteElo "2210"]
[BlackElo "2284"]

1.e4 c5 2.Nf3 Nc6 3.d4 cxd4 4.Nxd4 Qb6 5.Nb3 Nf6 6.Nc3 e6 7.Be3 Qc7 8.a3 a6
9.Be2 Be7 10.O-O d6 11.Qd2 O-O 12.f4 b5 13.Bf3 Bb7 14.Rad1 Rac8 15.Qf2 Rfd8
16.Rfe1 Nd7 17.Nd4 Na5 18.Be2 Nc4 19.Bxc4 Qxc4 20.Nb3 Qc7 21.Re2 Nf6 22.Bb6 Qb8
23.Na5 Ng4 24.Qg3 Bxe4 25.Bd4 Bf5 26.Nb3 Nf6 27.Qf2 Bg4 28.Red2 Bxd1 29.Rxd1 Rc4
30.Na5 Rc7 31.h3 Rdc8 32.Bb6 Rxc3 33.bxc3 Ne4 34.Qe3 Nxc3 35.Rd2 Nd5 36.Rxd5 exd5
37.Bd4 Bf8 38.Qd3 Qc7  0-1

[Event "2nd IM"]
[Site "Saint Lo FRA"]
[Date "2001.07.13"]
[Round "7"]
[White "Aarthie,R"]
[Black "Vavra,P1"]
[Result "0-1"]
[WhiteElo "2249"]
[BlackElo "2463"]

1.e4 c5 2.Nf3 Nc6 3.d4 cxd4 4.Nxd4 Qb6 5.Nb3 Nf6 6.Nc3 e6 7.Be3 Qc7 8.Bd3 Be7
9.f4 d6 10.Qf3 a6 11.O-O-O b5 12.Kb1 b4 13.Ne2 a5 14.Nbd4 Bd7 15.g4 Nxd4
16.Nxd4 d5 17.e5 Ne4 18.Bxe4 dxe4 19.Qxe4 O-O 20.f5 a4 21.Rhf1 Ra5 22.Bf4 Rc8
23.Rf3 Qc4 24.b3 Qa6 25.Qe2 Qa7 26.fxe6 fxe6 27.Qd2 axb3 28.cxb3 Ra8 29.Rf2 Rd5
30.Qb2 g5 31.Bg3 Be8 32.Rfd2 Rad8 33.Nf3 Bg6+ 34.Ka1 Qe3 35.Nd4 Bc5 36.Bf2 Qxe5
37.a4 bxa3 38.Qc3 Bf8 39.Ka2 Bg7 40.Qc4 Qf6 41.Be3 Qe5 42.Bg1 Bf7 43.Qc2 Qf4
44.Qc3 Qxg4 45.Qg3 Qxg3 46.hxg3 Bh5  0-1

[Event "Asian U20"]
[Site "Tehran IRI"]
[Date "2001.07.16"]
[Round "6"]
[White "Ahmad,Az"]
[Black "Hasan,M"]
[Result "0-1"]
[WhiteElo "2328"]
[BlackElo "2024"]

1.e4 c5 2.Nf3 Nc6 3.d4 cxd4 4.Nxd4 Qc7 5.Nc3 e6 6.Be3 a6 7.Bd3 Nf6 8.O-O Be7
9.Kh1 O-O 10.f4 d6 11.a4 Re8 12.Qe1 Nxd4 13.Bxd4 e5 14.Be3 b6 15.h3 Bd7 16.Qf2 Bd8
17.Rad1 Bc6 18.fxe5 dxe5 19.b3 Qb7 20.Bg5 b5 21.axb5 axb5 22.Qf5 Nh5 23.Qf3 g6
24.Bh6 Bh4 25.Rg1 Ng3+ 26.Kh2 f5 27.Bg5 Bxg5 28.Kxg3 Bf4+ 29.Kf2 Bh2 30.Rh1 fxe4
31.Qg4 Qa7+ 32.Ke1 Qe3+ 33.Ne2 exd3  0-1

[Event "EuChJun Boys"]
[Site "Patras GRE"]
[Date "2001.07.17"]
[Round "2"]
[White "Berg,E"]
[Black "Flumbort,A"]
[Result "0-1"]
[WhiteElo "2496"]
[BlackElo "2372"]

1.e4 c5 2.Nf3 Nc6 3.d4 cxd4 4.Nxd4 Qc7 5.Nc3 e6 6.Be3 a6 7.f4 Nxd4 8.Qxd4 b5
9.Be2 Bb7 10.Bf3 Rc8 11.O-O h5 12.h3 Ne7 13.Rad1 d5 14.Rf2 Nc6 15.Qb6 d4
16.Bxd4 Nxd4 17.Qxd4 e5 18.Qd2 Bc5 19.Kh1 Bxf2 20.Qxf2 exf4 21.Nd5 Bxd5 22.exd5 Qd6
23.Qe2+ Kf8 24.a4 b4 25.Qd3 g6 26.Qd4 Kg8 27.Re1 Kh7 28.Re4 Rxc2 29.Qxb4 Qxb4
30.Rxb4 Kg7 31.h4 Rhc8 32.Rb6 a5 33.Kh2 Kf8 34.d6 Rd2 35.b4 axb4 36.Rxb4 Rxd6
37.Rxf4 Rcd8 38.a5 Rd4 39.Rf6 Rxh4+ 40.Kg3 Ra4 41.a6 Rd3 42.Kh2 Ke7 43.Rb6 Rd6
44.Rb7+ Kf6 45.a7 Rda6 46.a8=Q Rxa8 47.Rb6+ Kg5 48.Rb5+ f5 49.Bxa8 Rxa8 50.Rb3 h4
51.Kh3 Re8 52.Ra3 Re1 53.Kh2 Kg4 54.Ra4+ f4 55.Ra3 g5 56.Rg3+ fxg3+  0-1

[Event "Tan Lian Ann cup"]
[Site "Tianjin CHN"]
[Date "2001.07.19"]
[Round "5"]
[White "Ding Linlin"]
[Black "Chan Peng Kong"]
[Result "1-0"]
[WhiteElo "2347"]
[BlackElo "2393"]

1.e4 c5 2.Nf3 Nc6 3.d4 cxd4 4.Nxd4 Qc7 5.Nc3 e6 6.Be3 a6 7.Bd3 b5 8.O-O Bb7
9.Nb3 d6 10.f4 Nf6 11.a3 h5 12.Be2 Be7 13.Bf3 Rc8 14.Qe2 Na5 15.Nxa5 Qxa5
16.e5 Bxf3 17.Qxf3 Ng4 18.exd6 Bxd6 19.Bd4 Rxc3 20.bxc3 O-O 21.Rad1 Qc7 22.Rd3 e5
23.h3 exd4 24.hxg4 hxg4 25.Qxg4 f5 26.Qh4 Rf6 27.Rg3 Be7 28.Qg5 Rf7 29.Qh5 dxc3
30.Rh3 Rf6 31.Re1 Bc5+ 32.Kh1 Bf8 33.Re5 Qd7 34.Qf3 Bxa3 35.Qxc3 Bd6 36.Qd3 Qf7
37.Rd5 Bf8 38.Rd8 Qa2 39.Rd5 Qb1+ 40.Kh2 Qa2 41.Rxf5 Qe6 42.Rxf6 Qxf6 43.Qd5+ Qf7
44.Rh8+  1-0

[Event "Czech Open"]
[Site "Pardubice CZE"]
[Date "2001.07.20"]
[Round "1"]
[White "Holmsgaard,H"]
[Black "Petrov,M"]
[Result "0-1"]
[WhiteElo "2263"]
[BlackElo "2463"]

1.e4 c5 2.Nf3 Nc6 3.d4 cxd4 4.Nxd4 Qb6 5.Nb3 Nf6 6.Nc3 e6 7.Bd3 a6 8.O-O d6
9.Be3 Qc7 10.f4 Be7 11.Qf3 O-O 12.Rae1 Nb4 13.f5 Bd7 14.Qh3 Rae8 15.Nd4 e5
16.Nf3 d5 17.exd5 Nfxd5 18.Nxd5 Nxd5 19.Ng5 Bxg5 20.Bxg5 f6 21.Bd2 Bb5 22.Re4 Bxd3
23.Qxd3 Rd8 24.Qb3 Rf7 25.c4 Ne7 26.Bb4 Qb6+ 27.c5 Qc6 28.Qc4 Rd5 29.Ba3 Qd7
30.b4 Rd1 31.g4 Rxf1+ 32.Kxf1 Qd1+ 33.Kg2 Nd5 34.Bc1 Nxb4 35.Qxb4 Qxc1 36.Re2 Rd7
37.Qb3+ Kf8 38.Qe6 Qd1 39.Kf2 Qd4+ 40.Kf3 Qf4+ 41.Kg2 Qxg4+ 42.Kf2 Qd4+ 43.Kf3 Rd8  0-1

[Event "Czech Open"]
[Site "Pardubice CZE"]
[Date "2001.07.21"]
[Round "2"]
[White "Lindberg,Be"]
[Black "Hasangatin,R"]
[Result "0-1"]
[WhiteElo "2318"]
[BlackElo "2482"]

1.e4 c5 2.Nf3 Nc6 3.d4 cxd4 4.Nxd4 Qc7 5.Nc3 e6 6.Be2 a6 7.O-O Nf6 8.Be3 Bb4
9.Na4 Be7 10.Nxc6 bxc6 11.Nb6 Rb8 12.Nxc8 Qxc8 13.e5 Nd5 14.Bc1 Bc5 15.c4 Ne7
16.b3 Qc7 17.Bb2 d6 18.exd6 Bxd6 19.g3 Be5 20.Bxe5 Qxe5 21.Bf3 c5 22.Re1 Qc7
23.Be4 O-O 24.Qh5 h6 25.Rad1 Rbd8 26.Bc2 Qb6 27.Rxd8 Rxd8 28.Rd1 Rxd1+ 29.Qxd1 Qc7
30.Qd3 f5 31.g4 fxg4 32.Qe4 Qd6 33.Qxg4 Qe5 34.h4 Kf7 35.Kg2 g6 36.Qf3+ Qf6
37.Qg4 a5 38.Be4 Qe5 39.Bd3 Kg7 40.Bb1 Qf6 41.Qg3 Qd4 42.Bc2 Kf6 43.Qf3+ Nf5
44.Be4 Qe5 45.Bxf5 gxf5 46.Qh5 Qe4+ 47.f3 Qe2+ 48.Kg3 Qe1+ 49.Kg2 Qd2+ 50.Kg3 Ke5
51.Qf7 Qe1+ 52.Kg2 Kf4 53.Qc7+ Qe5 54.Qxa5 Qe2+ 55.Kg1 Kg3 56.Qc7+ Kh3  0-1

[Event "Czech Open"]
[Site "Pardubice CZE"]
[Date "2001.07.21"]
[Round "2"]
[White "Krejci,J"]
[Black "Teske,H"]
[Result "1/2-1/2"]
[WhiteElo "2319"]
[BlackElo "2486"]

1.e4 c5 2.Nf3 Nc6 3.d4 cxd4 4.Nxd4 Qc7 5.Nc3 e6 6.Be3 a6 7.Bd3 Nf6 8.O-O b5
9.Nxc6 Qxc6 10.a3 Bb7 11.Qe2 Rc8 12.f4 b4 13.axb4 Bxb4 14.Bd4 Bxc3 15.Bxc3 Nxe4
16.Bxe4 Qxe4 17.Qxe4 Bxe4 18.Rf2 f6 19.Rxa6 Kf7 20.Ra7 Bc6 21.Bb4 Rb8 22.c3 h6
23.Bd6 Rb3 24.Bb4 Rb8 25.Kf1 g5 26.fxg5 hxg5 27.Ke1 R8xb4 28.cxb4 Rxb4 29.Kd1 e5
30.Kc2 Ke6 31.Kc3 Rh4 32.g3 Re4 33.Ra6 Re3+ 34.Kc4 Re1 35.b4 Rb1 36.Ra5 f5
37.b5 Bd5+ 38.Kc3 Rb3+ 39.Kc2 f4 40.gxf4 gxf4 41.Rd2 Rb4 42.Kc3 Rc4+ 43.Kb2 e4
44.b6 Bc6 45.Rg2 f3 46.Rg6+ Kf7 47.Rh6 Rb4+ 48.Kc3 Rxb6 49.Rf5+ Kg7 50.Rff6  1/2-1/2

[Event "ch-Paris Open"]
[Site "Paris FRA"]
[Date "2001.07.22"]
[Round "2"]
[White "Romieux,S"]
[Black "Lukov,V"]
[Result "1/2-1/2"]
[WhiteElo "2194"]
[BlackElo "2469"]

1.e4 c5 2.Nf3 Nc6 3.d4 cxd4 4.Nxd4 Qc7 5.Nc3 e6 6.Be2 a6 7.O-O Nf6 8.Bg5 Be7
9.Qd2 O-O 10.Kh1 h6 11.Be3 b5 12.a3 Bb7 13.f3 Rfd8 14.Nxc6 dxc6 15.Qe1 c5
16.Qf2 Nd7 17.Rfd1 Bf6 18.Rab1 Be5 19.g3 f5 20.exf5 exf5 21.Nd5 Bxd5 22.Rxd5 f4
23.gxf4 Bd4 24.Bxd4 cxd4 25.Qxd4 Nf6 26.Rc5 Qb6 27.Qg1 Nd5 28.Rxd5 Qxg1+
29.Kxg1 Rxd5 30.Bd3 Re8 31.Kf2 Rd4 32.f5 Kf7 33.Rg1 Rd6 34.Rg4 Re5 35.a4 bxa4
36.Rxa4 a5 37.f4 Rc5 38.b4 axb4 39.Rxb4  1/2-1/2

[Event "Zhong Hong Real Estate Cup"]
[Site "Beijing CHN"]
[Date "2001.07.26"]
[Round "7"]
[White "Wang Pin"]
[Black "Zhang Pengxiang"]
[Result "0-1"]
[WhiteElo "2504"]
[BlackElo "2487"]

1.e4 c5 2.Nf3 Nc6 3.d4 cxd4 4.Nxd4 Qb6 5.Nb3 Nf6 6.Nc3 e6 7.Qe2 Bb4 8.Bd2 O-O
9.a3 Be7 10.e5 Nd5 11.O-O-O d6 12.exd6 Bxd6 13.g3 Be5 14.Na4 Qc7 15.Kb1 a5
16.f4 Bf6 17.Qe4 Rb8 18.Bd3 g6 19.c4 Nb6 20.Bc3 e5 21.Nxb6 Qxb6 22.fxe5 Re8
23.Ka2 Bxe5 24.Bxe5 Rxe5 25.Qf4 Be6 26.h4 a4 27.Nc1 Qc5 28.Ka1 Rd8 29.Rhe1 Rd4
30.Qf6 Bg4 31.Rxe5 Qxe5 32.Rf1 Be6 33.Qf3 Qd6 34.Be2 Rd2 35.Rd1 Rxd1 36.Bxd1 Qd2
37.Na2 Nd4 38.Qf1 Bxc4 39.Qxc4 Qxd1+ 40.Nc1 Nb3+ 41.Kb1 Nd2+  0-1

[Event "3rd Open"]
[Site "Patras GRE"]
[Date "2001.07.26"]
[Round "9"]
[White "Kotronias,V"]
[Black "Miladinovic,I"]
[Result "1-0"]
[WhiteElo "2528"]
[BlackElo "2496"]

1.e4 c5 2.Nf3 Nc6 3.d4 cxd4 4.Nxd4 Qc7 5.Nc3 e6 6.Be3 a6 7.Bd3 Nf6 8.O-O h5
9.h3 b5 10.Nxc6 Qxc6 11.Be2 Qc7 12.Bf3 Rb8 13.Bd4 b4 14.e5 bxc3 15.exf6 cxb2
16.fxg7 Bxg7 17.Bxg7 Rg8 18.Bxb2 Rxb2 19.Rb1 Rxa2 20.c4 Ra5 21.Re1 Rc5 22.Bd5 Kf8
23.Qxh5 Qf4 24.Qe2 Rg6 25.Rb3 Kg7 26.Rf3 Qd6 27.Qb2+ f6 28.Be4 Rh6 29.Rg3+ Kf7
30.Bb7 Bxb7 31.Qxb7 Rg6 32.Rxg6 Kxg6 33.Qa8 Kf7 34.Qh8 Rg5 35.Qh7+ Rg7 36.Qh5+ Ke7
37.Qh8 Kf7 38.Qh5+ Ke7 39.Qf3 Qc5 40.Re4 a5 41.Rh4 a4 42.Rh8 Qxc4 43.Qa3+ d6
44.Qf3 f5 45.g3 Qd4 46.Rh6 Qa1+ 47.Kh2 Rf7 48.Qb7+ Kf8 49.Qc8+  1-0

[Event "Czech Open"]
[Site "Pardubice CZE"]
[Date "2001.07.28"]
[Round "9"]
[White "Socko,B"]
[Black "Teske,H"]
[Result "1-0"]
[WhiteElo "2559"]
[BlackElo "2486"]

1.e4 c5 2.Nf3 Nc6 3.d4 cxd4 4.Nxd4 Qc7 5.Nc3 e6 6.Be2 a6 7.a3 b5 8.Nxc6 Qxc6
9.O-O Bb7 10.Bf3 Qc7 11.e5 Ne7 12.Bf4 Rc8 13.Bxb7 Qxb7 14.Qe2 Rc4 15.Bd2 Ng6
16.a4 Bb4 17.axb5 axb5 18.Qe3 O-O 19.b3 Bxc3 20.bxc4 Bxa1 21.Rxa1 bxc4 22.Qd4 Ra8
23.Rd1 Qb5 24.Bc3 Ra3 25.g3 h5 26.f4 Ne7 27.Qxd7 Qxd7 28.Rxd7 Rxc3 29.Rxe7 Rxc2
30.Rc7 c3 31.h3 Kh7 32.g4 Kg6 33.Kf1 f6 34.f5+ exf5 35.gxh5+ Kxh5 36.e6 Kg6
37.Rc8 Rc1+ 38.Kf2 Rc2+ 39.Ke3  1-0

[Event "Open"]
[Site "Korinthos GRE"]
[Date "2001.07.29"]
[Round "2"]
[White "Spasov,V"]
[Black "Panagiotopolous,A"]
[Result "1-0"]
[WhiteElo "2569"]
[BlackElo "2132"]

1.e4 c5 2.Nf3 Nc6 3.d4 cxd4 4.Nxd4 Qc7 5.Nc3 e6 6.f4 a6 7.Nxc6 Qxc6 8.Bd3 b5
9.Qe2 Bb7 10.Bd2 Bc5 11.O-O-O Ne7 12.Qh5 Rc8 13.Kb1 b4 14.Ne2 a5 15.f5 e5
16.Qg4 Rg8 17.Qh3 Ba6 18.Bxa6 Qxa6 19.Nc1 Qc6 20.Qd3 a4 21.c3 bxc3 22.Bxc3 f6
23.Rd2 a3 24.Nb3 Bb6 25.Rhd1 axb2 26.Bxb2 Rc7 27.Rc1 Qb7 28.Rxc7 Qxc7 29.Ba3 Nc6
30.Qh3 d5 31.Qxh7 Qf7 32.Rxd5 Nd4 33.Qh3 g6 34.fxg6  1-0

[Event "MTO"]
[Site "Biel SUI"]
[Date "2001.07.30"]
[Round "7"]
[White "Misiano,F"]
[Black "Schweizer,R"]
[Result "1-0"]
[WhiteElo "2200"]
[BlackElo "2033"]

1.e4 c5 2.Nf3 Nc6 3.d4 cxd4 4.Nxd4 Qb6 5.Nb3 Nf6 6.Nc3 e6 7.Be3 Qc7 8.f4 d6
9.Bd3 Nb4 10.Qf3 Be7 11.g4 a6 12.g5 Nd7 13.a3 Nxd3+ 14.cxd3 b5 15.O-O Bb7
16.Bd4 O-O 17.Rad1 Rae8 18.Qh5 g6 19.Qh6 Rc8 20.Rf3 Rfe8 21.Rh3 Nf8 22.f5 exf5
23.exf5 Qd8 24.Rf1  1-0

[Event "Open"]
[Site "Korinthos GRE"]
[Date "2001.07.30"]
[Round "3"]
[White "Stoumbos,K"]
[Black "Miladinovic,I"]
[Result "1/2-1/2"]
[WhiteElo "2217"]
[BlackElo "2496"]

1.e4 c5 2.Nf3 Nc6 3.d4 cxd4 4.Nxd4 Qc7 5.Nc3 e6 6.Be2 a6 7.Be3 Nf6 8.O-O Bb4
9.Na4 Be7 10.c4 Nxe4 11.c5 O-O 12.f4 Rb8 13.f5 d5 14.Bd3 Nxd4 15.Bxe4 dxe4
16.Qxd4 Bf6 17.Qxe4 exf5 18.Bf4 Qxc5+ 19.Nxc5 fxe4 20.Bxb8 Bd4+ 21.Kh1 Bxc5
22.Rac1 b6 23.Bf4 Bg4 24.Rfe1 f5 25.Be3 Bb4 26.Rf1 Bd6 27.Rc6 Be5 28.Re6 Bxb2
29.Rxb6 Be5 30.Re6 Bb8 31.Re7 Bd6 32.Re6 Bb4 33.Rb6 a5 34.Rb7 Be2 35.Bd4 Rf7
36.Rxf7 Kxf7 37.Rxf5+ Kg6 38.Re5 Bc4 39.Rxe4 Bxa2 40.Rg4+ Kf5 41.Rxg7 h5
42.Ra7 Bb3 43.Bc5 Bc3 44.Re7  1/2-1/2

[Event "MTO"]
[Site "Biel SUI"]
[Date "2001.07.31"]
[Round "8"]
[White "Lichman,P"]
[Black "Schaufelberger,H"]
[Result "0-1"]
[WhiteElo "2126"]
[BlackElo "2258"]

1.e4 c5 2.Nf3 Nc6 3.d4 cxd4 4.Nxd4 Qb6 5.Nb3 Nf6 6.Nc3 e6 7.Be3 Qc7 8.Qd2 Bb4
9.f3 d5 10.O-O-O dxe4 11.Bc5 Bxc5 12.Nxc5 O-O 13.N5xe4 Nxe4 14.fxe4 Rd8 15.Bd3 Bd7
16.h4 Be8 17.h5 h6 18.g4 f6 19.Kb1 Rac8 20.Qe3 Qe5 21.Bc4 Na5 22.Rxd8 Rxd8
23.Bd3 Nc6 24.Ne2 Qa5 25.Bc4 Qe5 26.Rf1 Kh7 27.a3 Na5 28.Ba2 Bb5 29.Re1 Bc4
30.Nc3 Rd4 31.Rd1 Bxa2+ 32.Kxa2 Nc6 33.Re1 b5 34.Nd1 Qd6 35.Nc3 a6 36.b3 Rd2
37.Re2 Rd4 38.Nb1 Qe5 39.c3 Rd1 40.Rd2 Rh1 41.Re2 Rd1 42.Qb6 Qd6 43.Qf2 Qd3
44.Rb2 Qxe4 45.Qb6 Ne7 46.Qxa6 Nd5 47.Qc8 Qe1 48.Qc5 Rc1 49.b4 Qd1 50.Rd2 Qe1
51.Rb2 Rxb1 52.Rxb1 Nxc3+ 53.Kb3 Nxb1 54.Qc2+ f5 55.gxf5 Nd2+ 56.Ka2 exf5
57.Qxf5+ Kg8 58.Qd5+ Kf8 59.Qd6+ Kf7 60.Qg6+ Kf8 61.Qd6+ Kf7 62.Qg6+ Kg8
63.Qf5 Qe4  0-1

[Event "Keres Mem Open"]
[Site "Tallinn EST"]
[Date "2001.07.31"]
[Round "9"]
[White "Rogovoi,M"]
[Black "Akimov,I"]
[Result "1-0"]
[WhiteElo "2220"]
[BlackElo "2300"]

1.e4 c5 2.Nf3 Nc6 3.d4 cxd4 4.Nxd4 Qb6 5.Nb3 Nf6 6.Bd3 e6 7.O-O Be7 8.Nc3 d6
9.Be3 Qc7 10.f4 a6 11.a4 b6 12.Qe2 Bb7 13.Rae1 O-O 14.g4 Rfe8 15.g5 Nd7 16.Qh5 g6
17.Qh4 Nb4 18.Rf3 h5 19.Nd4 Bf8 20.Rh3 e5 21.Nde2 exf4 22.Nxf4 Bg7 23.Rf1 Nf8
24.Qf2 Re5 25.Rg3 Qe7 26.h4 Nd7 27.Bd4 Nc5 28.Bxe5 Bxe5 29.Rf3 Bc6 30.Nfd5 Nxd5
31.Rxf7 Nf4 32.Rxe7 Nh3+ 33.Kg2 Nxf2 34.Rxf2 Nxd3 35.cxd3 b5 36.axb5 axb5
37.Nd5  1-0

[Event "Open"]
[Site "Korinthos GRE"]
[Date "2001.08.01"]
[Round "5"]
[White "Bellia,F"]
[Black "Byklum,B"]
[Result "1/2-1/2"]
[WhiteElo "2401"]
[BlackElo "2135"]

1.e4 c5 2.Nf3 Nc6 3.d4 cxd4 4.Nxd4 Qc7 5.Nc3 e6 6.Be2 Nf6 7.Be3 Be7 8.O-O O-O
9.f4 d6 10.Kh1 Nxd4 11.Bxd4 e5 12.Be3 exf4 13.Bxf4 Bd7 14.Qd4 Bc6 15.Rad1 Rad8
16.Rd3 Qb6 17.Qxb6 axb6 18.Bf3 Rfe8 19.Rfd1 h6 20.h3 Rc8 21.a4 g5 22.Bxd6 Bxd6
23.Rxd6 Nxe4 24.Rxc6 Nf2+ 25.Kg1 Nxh3+ 26.gxh3 bxc6 27.Rd7 Re6 28.Rb7 f5
29.Rxb6 Kf7 30.a5 g4 31.Rb7+ Kf6 32.hxg4 fxg4 33.Be2 Rce8 34.a6 Rxe2 35.Nxe2 Rxe2
36.a7 Re1+ 37.Kf2 Ra1 38.Kg3 h5 39.Rc7 Kg5 40.Rg7+ Kf6 41.Rh7 Kg6 42.Re7 Kf6
43.Rh7  1/2-1/2

[Event "Open"]
[Site "Korinthos GRE"]
[Date "2001.08.02"]
[Round "6"]
[White "Makropoulou,M"]
[Black "Panagiotopolous,A"]
[Result "1-0"]
[WhiteElo "2313"]
[BlackElo "2132"]

1.e4 c5 2.Nf3 Nc6 3.d4 cxd4 4.Nxd4 Qc7 5.Nc3 e6 6.f4 a6 7.Be2 b5 8.Nxc6 Qxc6
9.Bf3 Bb7 10.Be3 Bb4 11.O-O Ne7 12.Bd4 Bc5 13.Kh1 Bxd4 14.Qxd4 O-O 15.Rad1 Rad8
16.e5 Qc7 17.Qd6 Qxd6 18.Rxd6 Bxf3 19.Rxf3 Nc6 20.Rfd3 Nb4 21.Rd2 f6 22.a3 Nd5
23.Nxd5 exd5 24.exf6 Rxf6 25.Rxf6 gxf6 26.Rxd5 Re8 27.h3 Re2 28.Rc5 Kf7 29.Kh2 Ke6
30.Kg3 f5 31.Kf3 Rd2 32.Re5+ Kf6 33.Re2 Rd4 34.g4 fxg4+ 35.hxg4 d6 36.Rh2 Kg7
37.Ke3 Rc4 38.Rd2 Rc6 39.Ke4 Rc4+ 40.Kf5 Rc5+ 41.Ke6 Rc4 42.Rf2 Rd4 43.g5 Kg6
44.f5+  1-0

[Event "Inline Czechia Cup"]
[Site "Olomouc CZE"]
[Date "2001.08.03"]
[Round "3"]
[White "Kristjansson,S"]
[Black "Maryasin,B"]
[Result "1/2-1/2"]
[WhiteElo "2380"]
[BlackElo "2394"]

1.e4 c5 2.Nf3 Nc6 3.d4 cxd4 4.Nxd4 Qb6 5.Nb3 Nf6 6.Nc3 e6 7.Bd3 a6 8.O-O Qc7
9.f4 b5 10.a3 d6 11.Be3 Bb7 12.Qf3 Be7 13.Rae1 b4 14.Na4 O-O 15.Qh3 Rfe8
16.Bb6 Qb8 17.Bf2 Nd7 18.Nd2 a5 19.Nc4 Ba6 20.Rd1 h6 21.f5 Bf8 22.fxe6 Rxe6
23.Nab6 Nxb6 24.Nxb6 Bxd3 25.cxd3 Ra6 26.Nd5 Ne7 27.Nf4 Re5 28.Bd4 Rg5 29.Rc1 Rc6
30.Be3 Rxc1 31.Rxc1 bxa3 32.bxa3 Qb2 33.Rf1 Qxa3 34.Ne6 Re5 35.Nxf8 Qxd3
36.Qf3 f5 37.Nd7 Rxe4 38.Bf4 Qb5 39.Nf6+ gxf6 40.Bxh6 Qe5 41.Bf4 Qd4+ 42.Kh1 Ng6
43.Bxd6 Qd5 44.Bg3 Rd4 45.Qh5 Kg7 46.Rc1 Ne7 47.Qe2 Qe4 48.Qf1 f4 49.Re1 Qb7
50.Bxf4 Ng6 51.Bg3 Rd2 52.Rc1 Qd5 53.Qf3 Qxf3 54.gxf3 a4 55.Rc7+ Kh6 56.Ra7 Ra2
57.f4 f5 58.h3 a3 59.Kg1 Nf8 60.Bh4 Ne6 61.Ra6 Kh5 62.Be7  1/2-1/2

[Event "Mipap Cup"]
[Site "Olomouc CZE"]
[Date "2001.08.03"]
[Round "3"]
[White "Krapivin,V"]
[Black "Tolstikh,N"]
[Result "1/2-1/2"]
[WhiteElo "2339"]
[BlackElo "2436"]

1.e4 c5 2.Nf3 Nc6 3.d4 cxd4 4.Nxd4 Qc7 5.Nc3 e6 6.g3 a6 7.a4 Nf6 8.Bg2 Nxd4
9.Qxd4 Bc5 10.Qd3 Ng4 11.O-O d6 12.h3 Ne5 13.Qe2 Bd7 14.Kh2 Bd4 15.f4 Bxc3
16.bxc3 Nc4 17.f5  1/2-1/2

[Event "ch-IRI"]
[Site "Tehran IRI"]
[Date "2001.08.06"]
[Round "9"]
[White "Niknaddaf,A"]
[Black "Ghorbani,M"]
[Result "1-0"]
[WhiteElo "2262"]
[BlackElo "2334"]

1.e4 c5 2.Nf3 Nc6 3.d4 cxd4 4.Nxd4 Qc7 5.Nc3 e6 6.Be2 a6 7.O-O Nf6 8.Kh1 Bc5
9.Nxc6 bxc6 10.f4 d5 11.e5 Nd7 12.Bd3 Be7 13.Na4 c5 14.c4 d4 15.Be4 Rb8 16.b3 f5
17.exf6 Nxf6 18.Bf3 O-O 19.Nb2 a5 20.Bd2 Bd6 21.Nd3 Qa7 22.Rc1 Re8 23.Re1 Bb7
24.Kg1 Ra8 25.h3 Qb8 26.Qe2 Qc7 27.Qf2 Bf8 28.Nb2 Bd6 29.Nd3 Nd7 30.Bg4 Nf8
31.Re2 Qf7 32.Bf3 Red8 33.Rce1 a4 34.b4 cxb4 35.c5 Bxf3 36.Qxf3 Bc7 37.Bxb4 a3
38.Qe4 Ra4 39.Rb1 Qe8 40.Rb3 Qb5 41.Rc2 Qe8 42.c6 Ng6 43.Bd2 Qf7 44.Rb7 Raa8
45.g3 Rac8 46.Bb4 Ne7 47.Bxa3 Nd5 48.Bc5 Nc3 49.Qf3 Qf6 50.Kg2 Bd6 51.Bxd6 Rxd6
52.c7 Qe7 53.Ne5 Qe8 54.Qd3 Qa4 55.Rb8 Qe8 56.Rxc3 Rxb8 57.cxb8=Q Qxb8 58.Rc2 h6
59.Qc4 Qa8+ 60.Kh2 Qa5 61.Qc8+ Qd8 62.Qxd8+ Rxd8 63.Rd2  1-0

[Event "Kochan Mem Open"]
[Site "Koszalin POL"]
[Date "2001.08.08"]
[Round "5"]
[White "Gorin,L"]
[Black "Prokopchuk,E"]
[Result "0-1"]
[WhiteElo "2438"]
[BlackElo "2508"]

1.e4 c5 2.Nf3 Nc6 3.d4 cxd4 4.Nxd4 Qc7 5.Nc3 e6 6.Nxc6 dxc6 7.Bd3 e5 8.O-O Nf6
9.Qe2 Be7 10.a4 O-O 11.h3 Nd7 12.Be3 Nc5 13.Bc4 Ne6 14.Rfd1 b6 15.Qf3 Rb8
16.Qe2 h6 17.Ba6 Bd7 18.Rd2 Bg5 19.Bxg5 hxg5 20.Qe3 Rbd8 21.Bc4 Nf4 22.Rad1 Bc8
23.Kh2 Qe7 24.Bf1 g6 25.Ne2 Ne6 26.Qc3 Rxd2 27.Rxd2 Nc5 28.Qb4 g4 29.hxg4 Bxg4
30.f3 Bc8 31.a5 Kg7 32.axb6 axb6 33.Kg1 Qg5 34.Kf2 Rh8 35.Ng3 Qh4 36.Qc3 Rh5
37.Rd8 Qxd8 38.Nxh5+ gxh5 39.Qxe5+ Qf6  0-1

[Event "FSGM August"]
[Site "Budapest HUN"]
[Date "2001.08.13"]
[Round "10"]
[White "Balogh,C"]
[Black "Breder,D"]
[Result "1/2-1/2"]
[WhiteElo "2347"]
[BlackElo "2411"]

1.e4 c5 2.Nf3 Nc6 3.d4 cxd4 4.Nxd4 Qb6 5.Nb3 e6 6.Bd3 Nf6 7.O-O d6 8.c4 Qc7
9.Nc3 a6 10.Be3 Ne5 11.Rc1 b6 12.f3 Be7 13.Nd4 O-O 14.b3 Nxd3 15.Qxd3 Bb7
16.Rfd1 Rac8 17.Nde2 Rfd8 18.Bf2 Nd7 19.a4 Qb8 20.Be3 Ba8 21.Qb1 Ne5 22.Rc2 Bc6
23.Rcd2 Be8 24.Qa2 Nc6 25.Qb2 Qb7 26.Nd4 Ne5 27.h3 h6 28.Qa1 Bf6 29.Qa3 Qc7
30.Nde2 Be7 31.Qa1 Rb8 32.Nd4 Rdc8 33.Qa2 Qb7 34.Qa1 Rd8 35.Qa2 Nd7 36.Qa1 Nc5
37.Qa2 Nd7 38.Qa1 Nf6 39.Qb2 Qc7 40.Qa1 Nd7  1/2-1/2

[Event "TCh-ESP Div 2"]
[Site "Vila Real ESP"]
[Date "2001.08.15"]
[Round "3"]
[White "Zarzo Lopez,T"]
[Black "Granero Roca,A"]
[Result "1/2-1/2"]
[WhiteElo "2271"]
[BlackElo "2383"]

1.e4 c5 2.Nf3 Nc6 3.d4 cxd4 4.Nxd4 Qc7 5.c4 e6 6.Nc3 a6 7.Be2 Nf6 8.O-O Bb4
9.Nc2 Bxc3 10.bxc3 Nxe4 11.Bf3 Nc5 12.Ba3 d6 13.Qd2 Ne5 14.Rfd1 Nxc4 15.Qd4 Nxa3
16.Qxg7 Nxc2 17.Qxh8+ Ke7 18.Rac1 Na3 19.c4 e5 20.Bd5 Rb8 21.Qxh7 Be6 22.f4 Bxd5
23.cxd5 Qb6 24.Kh1 e4 25.Qh4+ Kd7 26.Qh3+ Kc7 27.Qxa3 Rc8 28.Rb1 Qa7 29.Rdc1 e3
30.Re1 Ne4 31.Re2 Qd4 32.Rbe1 Nf2+ 33.Kg1 Nh3+ 34.Kh1 Nf2+  1/2-1/2

[Event "Rubinstein Open"]
[Site "Polanica Zdroj POL"]
[Date "2001.08.16"]
[Round "1"]
[White "Grabarczyk,B"]
[Black "Balcerak,P"]
[Result "1-0"]
[WhiteElo "2439"]
[BlackElo "2170"]

1.e4 c5 2.Nf3 Nc6 3.d4 cxd4 4.Nxd4 Qc7 5.Nb5 Qb8 6.c4 e6 7.g3 a6 8.N5c3 Bc5
9.Bg2 Nf6 10.O-O d6 11.Nd2 e5 12.Nd5 h5 13.Nb3 Ba7 14.Be3 Bxe3 15.Nxe3 h4
16.Qd2 hxg3 17.hxg3 O-O 18.Rad1 Rd8 19.Nd5 Nxd5 20.exd5 Ne7 21.c5 Bg4 22.Rc1 dxc5
23.Qg5 c4 24.Qxe7 cxb3 25.Rc7 Rf8 26.axb3 Qe8 27.Qg5 Bd7 28.Rfc1 b5 29.d6 Rc8
30.Bd5 Rxc7 31.Rxc7 Be6  1-0

[Event "TCh-Rep. Srpska"]
[Site "Jahorina BIH"]
[Date "2001.08.18"]
[Round "8"]
[White "Markovic,L"]
[Black "Cabrilo,G"]
[Result "0-1"]
[WhiteElo "2232"]
[BlackElo "2497"]

1.e4 c5 2.Nf3 Nc6 3.d4 cxd4 4.Nxd4 Qb6 5.Nb3 Nf6 6.Nc3 e6 7.Be3 Qc7 8.a3 d6
9.g4 a6 10.g5 Nd7 11.f4 b5 12.Nd4 Bb7 13.Nxc6 Bxc6 14.Bd3 g6 15.Rf1 Bg7 16.Bd2 O-O
17.Qe2 Nc5 18.Rf3 Qb7 19.Rh3 a5 20.Qg4 f5 21.gxf6 Bxf6 22.f5 exf5 23.exf5 Rae8+
24.Kd1 Bd7 25.Qg1 Nxd3 26.Rxd3 Bxf5 27.Rxd6 Rd8 28.Rxd8 Rxd8 29.Kc1 Qc6 30.Qf1 b4
31.axb4 axb4 32.Ra6 bxc3 33.Bxc3 Qe4  0-1

[Event "VI Cup IM"]
[Site "Paks HUN"]
[Date "2001.08.18"]
[Round "1"]
[White "Resika,N"]
[Black "Toth,An1"]
[Result "1-0"]
[WhiteElo "2203"]
[BlackElo "2382"]

1.e4 c5 2.Nf3 Nc6 3.d4 cxd4 4.Nxd4 Qb6 5.Nb3 Nf6 6.Nc3 e6 7.Bd3 Qc7 8.O-O a6
9.f4 d6 10.Qf3 Be7 11.Be3 O-O 12.Rae1 b5 13.Kh1 Bb7 14.Qh3 Nb4 15.Nd4 Nd7
16.Bg1 Bf6 17.Rc1 Rac8 18.a3 Nxd3 19.cxd3 Nc5 20.b4 Bxd4 21.Bxd4 Nb3 22.Nd5 Qd8
23.Rxc8 Bxc8 24.Nf6+ gxf6 25.Be3 e5 26.f5 Kh8 27.Rf3 Rg8 28.Qxh7+ Kxh7 29.Rh3+ Kg7
30.Bh6+ Kh7 31.Bf8+  1-0

[Event "VI Cup GM"]
[Site "Paks HUN"]
[Date "2001.08.18"]
[Round "1"]
[White "Groszpeter,A"]
[Black "Flumbort,A"]
[Result "1/2-1/2"]
[WhiteElo "2495"]
[BlackElo "2372"]

1.e4 c5 2.Nf3 Nc6 3.d4 cxd4 4.Nxd4 Qc7 5.Nc3 e6 6.Be3 a6 7.Bd3 Nf6 8.O-O Ne5
9.f4 Neg4 10.Bd2 Bc5 11.Ne2 e5 12.fxe5 Nxe5 13.Kh1 d5 14.exd5 Nxd5 15.Nf4 Nf6
16.Nf5 Bxf5 17.Bxf5 O-O 18.Bc3 Rad8 19.Qe2 Bd4 20.Bxd4 Rxd4 21.c3  1/2-1/2

[Event "Rubinstein Open"]
[Site "Polanica Zdroj POL"]
[Date "2001.08.20"]
[Round "5"]
[White "Zhigalko,A"]
[Black "Stoma,P"]
[Result "1-0"]
[WhiteElo "2400"]
[BlackElo "2193"]

1.e4 c5 2.Nf3 Nc6 3.d4 cxd4 4.Nxd4 Qc7 5.Nc3 e6 6.g3 a6 7.Bg2 Nf6 8.O-O Be7
9.Re1 O-O 10.h3 b5 11.e5 Ne8 12.Nxc6 dxc6 13.Bf4 Bb7 14.Ne4 c5 15.Qg4 Qb6
16.Rad1 Rd8 17.Rxd8 Qxd8 18.Nf6+ Bxf6 19.Bxb7 Be7 20.Rd1 Qb6 21.Rd7 f5 22.Qf3 Bd8
23.Be3 Bc7 24.b4 Qa7 25.Bxc5 Qb8 26.Bxf8 Kxf8 27.Qh5  1-0